Представление документа в формате RUSMARC

ПолеНазваниеЗначение
  Тип записи a
  Библиографический уровень m
001 Контрольный номер RU/REG73/CBS_GRAD/f7c074186f6a4571bb44e0ff331b3a65
005 Дата корректировки 20260319143316.4
010 Индекс ISBN __
a ISBN 5-7519-003-0
b Уточнения в пер.
9 Тираж 55000 экз.
100 Данные общей обработки __
a Данные общей обработки 20260313d1994 ed y0rusy0189## ca
101 Язык документа 0_
a Язык текста rus
c Язык оригинала eng
102 Страна публикации __
a Страна публикации RU
105 Кодированные данные (монография) __
a Кодированные данные (монография) a z 000yy
200 Заглавие и сведения об ответственности 1_
a Заглавие Медицина
f Первые сведения об ответственности Кэтрин Сэниор
g Последующие сведения об ответственности художник М. Берген [и др.]
g Последующие сведения об ответственности перевод с английского Л. Кузнецова
g Последующие сведения об ответственности редактор Посвянская Н.П.
203 Вид содержания и тип средства __
a Вид содержания Текст
b Характеристика содержания визуальный
c Тип средства непосредственный
210 Выходные данные 1_
a Место издания Москва
c Издательство РОСМЭН
d Дата издания 1994
215 Физическое описание __
a Объем 54 с.
c Иллюстрации/тип воспроизводства ил.
d Формат 29 см
225 Серия 1_
a Серия Штрихи времени
606 Тематические рубрики 0_
a Основная рубрика Здравохранение. Медицинские науки
x Основная подрубрика История медицины и здравохранения
610 Ключевые слова 0_
a Ключевые слова медицина и колдовство
610 Ключевые слова 0_
a Ключевые слова шарлатаны в медицине
610 Ключевые слова 0_
a Ключевые слова история медицины
610 Ключевые слова 0_
a Ключевые слова военная медицина
686 Индексы других классификаций __
a Классификационный индекс
2 Код системы rubbk
700 Автор _1
a Фамилия Сэниор
g Полное личное имя Кэтрин
b Имя (инициалы) К.
701 Альтернативная интеллектуальная ответственность _1
4 Код отношения
702 Вторичная интеллектуальная ответственность _1
a Фамилия Кузнецов
b Имя (инициалы) Л.
4 Код отношения 730
702 Вторичная интеллектуальная ответственность _1
a Фамилия Берген
b Имя (инициалы) М.
4 Код отношения 040
702 Вторичная интеллектуальная ответственность _1
a Фамилия Кольман
b Имя (инициалы) Р.
4 Код отношения 040
702 Вторичная интеллектуальная ответственность _1
a Фамилия Хайдал
b Имя (инициалы) Р.
4 Код отношения 040
702 Вторичная интеллектуальная ответственность _1
a Фамилия Посвянская
b Имя (инициалы) Н. П.
4 Код отношения 340
801 Источник записи _0
a Страна RU
b Организация RuCBSGrad
c Дата составления 20260313
g Правила каталогизации RCR
801 Источник записи _1
a Страна RU
b Организация RuCBSGrad
c Дата составления 20260313
g Правила каталогизации RCR
852 Данные о местонахождении __
a Наименование организации МБУК "ЦБС г.Димитровграда"
i Авторский знак М 42
z Тип записи R
901 Тип документа __
t Тип документа m
909 Создатель записи __
b Дата создания записи 20260313
a Создатель записи Ертушева
910 Корректоры записи __
a Корректор записи Гонюкова
b Дата внесения изменения в запись 20260319